| 000 | 00460nam a2200181Ia 4500 | ||
|---|---|---|---|
| 008 | 230917s9999||||xx |||||||||||||| ||und|| | ||
| 020 | _cRS320 | ||
| 040 |
_e209035 _aMAIN |
||
| 041 | _aEnglish | ||
| 082 | _a515 T159A | ||
| 100 | _aTao Terence | ||
| 245 | 0 | _aAnalysis II | |
| 250 | _a2nd. ed. | ||
| 260 |
_aNew Delhi _bHindustani Book Agency (India) _c2009 |
||
| 300 | _axiii, 566 p. | ||
| 500 | _a62 15/01/2014 5647 03/02/2014 Main Budget | ||
| 942 | _cBK | ||
| 999 |
_c11038 _d11038 |
||